000 01181cam a22003493a 4500
001 6351
003 FISKH
005 20250423114849.0
008 030117s2003 nyua j 000 f eng
010 _a 2003100773
015 _a2003100773
020 _a0764125869
040 _aLE#
_cLE#
_dDLC
_beng
050 _aPZ7
082 _a823.914
100 1 _aHindley, Judy.
245 1 0 _aCan you move like an elephant? /
_cJudy Hindley ; illustrated by Manya Stojic.
250 _aThis edition published in 2005.
260 _aSydney :
_bPicture Corgi,
_c2004
300 _a28 unnumbered pages :
_bcolor illustrations ;
_c27 cm
505 _aG
520 _aDescribes the movements of elephants, snakes, monkeys, peacocks, snails, butterflies, tigers, deer, flamingos and rabbits and asks readers if they can imitate them.
521 8 _a370
_bLexile estimate
521 8 _aG
_bRaz-Plus
650 0 _aAnimals
_xPictorial works
_vJuvenile fiction.
650 1 _aAnimals.
655 7 _aChildren's stories
_vPictorial works.
_2lcsh
700 1 _aStojic, Manya.
906 _a7
_bcbc
_ccopycat
_d4
_eepcn
_f20
_gy-gencatlg
942 _2ddc
_cBK
_n0
999 _c6351
_d6351